000 00948nam0a22002651 4500
001 rc\837400
005 20041129092121.5
035 _a(NLR Aleph) 006019093
090 _a7408890
_c7408890
100 _a20041129d1984 u |0rusy50 ca
101 0 _arus
102 _aRU
105 _aa |||||||||
200 1 _aАлгебра
_eУчеб. для 6-го кл. сред. шк.
_fЮ.Н. Макарычев, Н.Г. Миндюк, К.С. Муравин
_gПод ред. А.И. Маркушевича
205 _a7-е изд.
210 _aМ.
_cПросвещение
_d1984
215 _a223 с.
_cил.
_d21
700 1 _aМакарычев
_bЮ. Н.
_gЮрий Николаевич
701 1 _aМиндюк
_bН. Г.
_gНора Григорьевна
701 1 _aМуравин
_bК. С.
_gКонстантин Соломонович
801 0 _aRU
_bNLR
_gpsbo
801 1 _aRU
_bELAR
_2rusmarc
852 _aNLR
_j83-5/6953
942 _cBOOK
980 _aNB